LEADER 01267cam2-2200397---450 001 990001976860203316 005 20170426102135.0 035 $a000197686 035 $aUSA01000197686 035 $a(ALEPH)000197686USA01 035 $a000197686 100 $a20040902d1970----km-y0itay5003----ba 101 0 $aita 102 $aIT 105 $aa|||||||001yy 200 1 $aLombardia$e(eccetto Milano e laghi)$fTouring club italiano 205 $a8. ed 210 $aMilano$cTouring club italiano$d1970 215 $a756, 56 p., [14] carte geografiche di cui 2 ripiegate$cill.$d16 cm 225 2 $aGuida d'Italia del Touring club italiano$v3 300 $aSegue: Notizie pratiche 300 $aEdizione di 9000 esemplari 410 0$1001996222541303316$12001$aGuida d'Italia$v, 3 607 $aLombardia$xGuide$2BNCF 676 $a914.5204927 710 02$aTouring club italiano$05623 801 0$aIT$bsalbc$gISBD 912 $a990001976860203316 951 $aIII.1. Coll. 11/ 3b(I B 145)$b62480 L.M.$cIII.1. Coll.$d396833 959 $aBK 969 $aUMA 979 $aSIAV8$b10$c20040902$lUSA01$h1600 979 $aCOPAT4$b90$c20050315$lUSA01$h1322 979 $aCOPAT4$b90$c20050315$lUSA01$h1331 996 $aLombardia$9148875 997 $aUNISA LEADER 01144nam0 22002771i 450 001 UON00083740 005 20241209030635.67 010 $a84-8155-648-3 100 $a20020107d2000 |0itac50 ba 101 $aspa 102 $aES 105 $a|||| ||||| 200 1 $aOrientalismo y nacionalismo espanol$eEstudios arabes y hebreos en la Universidad de Madrid (1843-1868)$fAurora RiviŪre Gomez 210 $aMadrid$cBivlioteca del Instituto Antonio De Nebrija de Estudios sobre la Universidad$d2000 215 $a143 p.$d22 cm 606 $aORIENTALISMO$3UONC000690$2FI 620 $aES$dMadrid$3UONL000218 676 $a950$cSTORIA DELL'ASIA$v21 700 1$aRIVIERE GOMEZ$bAurora$3UONV055235$0662607 712 $aInstituto "Antonio De Nebrija"$3UONV265256$4650 801 $aIT$bSOL$c20241213$gRICA 899 $aSIBA - SISTEMA BIBLIOTECARIO DI ATENEO$2UONSI 912 $aUON00083740 950 $aSIBA - SISTEMA BIBLIOTECARIO DI ATENEO$dSI VO Afr IV 311 $eSI AA 23507 7 311 996 $aOrientalismo y nacionalismo espanol$91296236 997 $aUNIOR